Central Library OPAC University of Rajshahi

Development strategies in semi-industrial economies / (Record no. 8912)

MARC details
000 -LEADER
fixed length control field 01593cam a2200289 a 4500
001 - CONTROL NUMBER
control field 8912
003 - CONTROL NUMBER IDENTIFIER
rucl marc code BD-RjUL
005 - DATE AND TIME OF LATEST TRANSACTION
control field 20211208234658.0
008 - FIXED-LENGTH DATA ELEMENTS--GENERAL INFORMATION
fixed length control field 140119s1982 mdu b 001 0 eng
020 ## - INTERNATIONAL STANDARD BOOK NUMBER
International Standard Book Number 0801825695
035 ## - SYSTEM CONTROL NUMBER
System control number (BD-RjUL)8957
040 ## - CATALOGING SOURCE
Original cataloging agency DLC
Transcribing agency DLC
Modifying agency DLC
-- BD-RjUL
Language of cataloging eng
041 ## - LANGUAGE CODE
Language code of text/sound track or separate title eng
082 00 - DEWEY DECIMAL CLASSIFICATION NUMBER
Classification number 338.9
Edition number 19
Author mark and year BAD 1982
100 1# - MAIN ENTRY--PERSONAL NAME
Personal name Balassa, Bela A.
9 (RLIN) 9628
245 10 - TITLE STATEMENT
Title Development strategies in semi-industrial economies /
Statement of responsibility, etc. Bela Balassa in association with Julio Berlinski ... [et al.].
260 ## - PUBLICATION, DISTRIBUTION, ETC. (IMPRINT)
Place of publication, distribution, etc. Baltimore :
Name of publisher, distributor, etc. The Johns Hopkins University Press,
Date of publication, distribution, etc. c1982.
300 ## - PHYSICAL DESCRIPTION
Pagination xiii, 394 p. ;
Size 29 cm.
504 ## - BIBLIOGRAPHY, ETC. NOTE
Bibliography, etc Includes bibliographical references and index.
505 0# - FORMATTED CONTENTS NOTE
Formatted contents note Comparative analysis: Incentive measures / Bela Balassa. The structure of incentives in six semi-industrial economies / Bela Balassa. Development strategies and economic performance, a comparative analysis of eleven semi-industrial economies / Bela Balassa. Reforming the system of incentives in developing economies / Bela Balassa -- Incentive policies and economic development: Argentina / Julio Berlinski and Daniel M. Schydlowsky. Colombia / Thomas L. Hutcheson and Daniel M. Schydlowsky. Israel / Zvi Sussman. Korea / Larry E. Westphal and Kwang Suk Kim. Singapore / Augustine H.H. Tan and Ow Chin Hock. Taiwan / T.H. Lee and Kuo-shu Liang.
650 #0 - SUBJECT ADDED ENTRY--TOPICAL TERM
Topical term or geographic name as entry element Economic development
General subdivision Case studies.
9 (RLIN) 12954
Topical term or geographic name as entry element Economic policy
General subdivision Case studies.
9 (RLIN) 12955
942 ## - ADDED ENTRY ELEMENTS (KOHA)
Source of classification or shelving scheme Dewey Decimal Classification
Koha item type Books
Holdings
Lost status Source of classification or shelving scheme Damaged status Not for loan Collection code Permanent Location Current Location Shelving location Date acquired Source of acquisition Cost, normal purchase price Total Checkouts Full call number Date last seen Copy number Koha item type
  Dewey Decimal Classification   Not For Loan Non-fiction Central Library, University of Rajshahi Central Library, University of Rajshahi   14/10/1982 World Bank 0.00   338.9 BAD 1982 19/01/2014 C-1 Books